000
00284nam a2200109Ia 4500
001
1276027
005
20260417160439.0
008
260417s9999 xx 000 0 und d
020
_a
9786256309616
245
0
_a
Süper Matemacikcik - Gagalamaç
_c
Nancy Krulik
260
_b
Ketebe Çocuk
999
_c
1276027
_d
1276027